Daňové due diligence a jeho význam pri medzinárodnom zdanení

História uplatňovania due diligence. Druhy due diligence. Význam daňovej due diligence.

Na minha lista:
Detalhes bibliográficos
Autor principal: Harumová, Anna, 1955-
Formato: Capítulo de Livro
Idioma:eslovaco
Assuntos:
Tags: Adicionar Tag
Sem tags, seja o primeiro a adicionar uma tag!

MARC

LEADER 00000naa$a2200000$$$4500
001 0181112
005 20240502073112.9
041 0 |a slo 
044 |a SK 
245 1 0 |a Daňové due diligence a jeho význam pri medzinárodnom zdanení  |c Anna Harumová 
520 |a História uplatňovania due diligence. Druhy due diligence. Význam daňovej due diligence. 
610 2 0 |a dane 
610 2 0 |a zdaňovanie medzinárodné 
610 2 0 |a fúzie 
610 2 0 |a akvizícia 
610 2 0 |a účtovníctvo 
100 1 |a Harumová, Anna, 1955-